000 00279nam a2200085Ia 4500
245 0 _aThe voluptuous delights of peanut butter and jam
100 _a Liebenberg, Lauren, , 1972- Oxford, 2009 Large print ed
_986365
942 _cBK
008 210817s9999 xx 000 0 und d
999 _c329798
_d329797